|
|
|
|
| LEADER |
01038nam a2200301 a 4500 |
| 001 |
7071 |
| 003 |
BD-DhAAL |
| 005 |
20150627102811.0 |
| 008 |
150627s2003 nyua 001 0 eng |
| 010 |
|
|
|a 2003273444
|
| 015 |
|
|
|a GBA3-W9750
|
| 020 |
|
|
|a 0471457949
|
| 040 |
|
|
|a UKM
|c UKM
|d AZS
|d IXA
|d DLC
|d BD-DhAAL
|
| 050 |
0 |
0 |
|a TK5105.8885.A63
|b G73 2003
|
| 082 |
0 |
0 |
|a 006.7/6
|2 22
|
| 100 |
1 |
|
|a Gradecki, Joe,
|d 1967-
|9 11601
|
| 245 |
1 |
0 |
|a Mastering Apache Velocity /
|c Joseph D. Gradecki, Jim Cole.
|
| 260 |
|
|
|a New York :
|b Wiley,
|c 2003.
|
| 300 |
|
|
|a xx, 352 p. :
|b ill. ;
|c 24 cm.
|
| 490 |
|
|
|a Java open source library
|
| 541 |
|
|
|e 7071
|
| 630 |
0 |
0 |
|a Apache (Computer file : Apache Group)
|9 12489
|
| 650 |
|
0 |
|a Web site development.
|9 7590
|
| 650 |
|
0 |
|a Open source software.
|9 12490
|
| 700 |
1 |
|
|a Cole, Jim,
|d 1964-
|9 12491
|
| 942 |
|
|
|2 ddc
|c BK
|
| 999 |
|
|
|c 34849
|d 34849
|
| 952 |
|
|
|0 0
|1 0
|2 ddc
|4 0
|6 006_760000000000000_GRA
|7 0
|9 54533
|a SCL
|b SCL
|c GEN
|d 2015-06-27
|e Gift: The Asia Foundation
|l 0
|o 006.76 GRA
|p 3020007071
|r 2015-06-27
|t 1
|w 2015-06-27
|y BK
|